| 000 | 01044cam a22002775a 4500 | ||
|---|---|---|---|
| 001 | 17598977 | ||
| 005 | 20161025110125.0 | ||
| 008 | 130123t2013 gw frb 101 0 eng d | ||
| 020 | _a9783642365935 | ||
| 040 |
_aHUA _beng _cHUA _dOCLCO _dBTCTA _dOHX _dDLC _dEG-ScBUE |
||
| 082 | 0 | 4 |
_a005.82 _bTHO _222 |
| 111 | 2 |
_aTheory of Cryptography Conference _n(10th : _d2013 : _cTokyo, Japan) |
|
| 245 | 1 | 0 |
_aTheory of cryptography : _b10th Theory of Cryptography Conference, TCC 2013, Tokyo, Japan, March 3-6, 2013 : proceedings / _c[editor] Amit Sahai. |
| 260 |
_aHeidelberg : _bSpringer, _cc.2013. |
||
| 300 |
_axi, 724 p. ; _c24 cm. |
||
| 490 | 0 |
_aLecture notes in computer science, _x0302-9743 ; _v7785 |
|
| 500 | _aInternational conference proceedings. | ||
| 500 | _aIndex : p. 723-724. | ||
| 504 | _aIncludes bibliographical references. | ||
| 650 | 0 |
_aData encryption (Computer science) _vCongresses. _2BUEsh |
|
| 651 | _2BUEsh | ||
| 653 |
_bCOMSCI _cOctober2016 |
||
| 700 | 1 |
_aSahai, Amit, _eeditor. |
|
| 942 | _2ddc | ||
| 999 |
_c22836 _d22808 |
||